Tractat d'agricultura /

Uloženo v:
Podrobná bibliografie
Hlavní autor: Paladio, Rutilio Tauro Emiliano (autor.)
Další autoři: Sebastian, Raimon (Editor), Garcia-Oliver, Ferran (Editor), Furió, Antoni (Editor), Ferrer Sayol (traductor.)
Médium: E-kniha
Jazyk:katalánština
Vydáno: Valencia : Publicacions de la Universitat de Valencia, 2022.
Edice:Fonts histṛiques valencianes ; 82.
Témata:
On-line přístup:https://elibro.unach.elogim.com/es/lc/unach/titulos/290118
Tagy: Přidat tag
Žádné tagy, Buďte první, kdo vytvoří štítek k tomuto záznamu!

MARC

LEADER 00000nam a2200000 i 4500
001 ELB290118
003 FINmELB
005 20260122122822.0
006 m o u
007 cr cn|||||||||
008 260122s2022 sp ob 000 0 cat d
020 |a 9788411180726  |q (e-book) 
035 |a (OCoLC)1569875876 
040 |a FINmELB  |b spa  |e rda  |c FINmELB 
050 1 4 |a S515  |b P153 2022 
080 |a 63(02) 
082 0 4 |a 630  |2 23 
100 1 |a Paladio, Rutilio Tauro Emiliano,  |e autor. 
245 1 0 |a Tractat d'agricultura /  |c Palʺladi ; traducció catalana medieval de Ferrer Saiol ; edició a cura de Raimon Sebastian, Antoni Furió i Ferran Garcia-Oliver. 
264 1 |a Valencia :  |b Publicacions de la Universitat de Valencia,  |c 2022. 
300 |a 1 recurso en línea (257 páginas) 
336 |a texto  |b txt  |2 rdamedia/spa 
337 |a computadora  |b c  |2 rdamedia/spa 
338 |a recurso en línea  |b cr  |2 rdacarrier/spa 
490 1 |a Fonts histṛiques valencianes ;  |v 82 
504 |a Contiene bibliografía. 
588 |a Descripción basada en metadatos suministrados por el editor y otras fuentes. 
590 |a Recurso electrónico. Santa Fe, Arg.: elibro, 2026. Disponible vía World Wide Web. El acceso puede estar limitado para las bibliotecas afiliadas a elibro. 
650 4 |a Agricultura  |v Obras anteriores a 1800. 
655 4 |a Libros electrónicos. 
700 1 |a Sebastian, Raimon,  |e editor. 
700 1 |a Garcia-Oliver, Ferran,  |e editor. 
700 1 |a Furió, Antoni,  |e editor. 
700 1 |a Ferrer Sayol,  |e traductor. 
797 2 |a elibro, Corp. 
830 0 |a Fonts histṛiques valencianes ;  |v 82. 
856 4 0 |u https://elibro.unach.elogim.com/es/lc/unach/titulos/290118